Normal view
MARC view
Entry Uniform Title
001 - CONTROL NUMBER
- control field: 29309
003 - CONTROL NUMBER IDENTIFIER
- control field: dpl
005 - DATE AND TIME OF LATEST TRANSACTION
- control field: 20110708143424.0
008 - FIXED-LENGTH DATA ELEMENTS
- fixed length control field: 110708|||a|||||| | ||| d
040 ## - CATALOGING SOURCE
- Original cataloging agency: dpl
- Transcribing agency: dpl
130 ## - HEADING--UNIFORM TITLE
- Uniform title: लोकोदय ग्रन्थमाला : ग्रन्थांक 1047/ रवीन्द्र कालिया द्वारा संपादित
670 ## - SOURCE DATA FOUND
- Source citation: Work cat.: (dpl)40901: पाठक, रवीन्द्र 29308, हिन्दी-व्याकरण के नवीन क्षितिज:, 2010
670 ## - SOURCE DATA FOUND
- Source citation: Work cat.: (dpl)40901: पाठक, रवीन्द्र 29308, हिन्दी-व्याकरण के नवीन क्षितिज:, 2010
